[Event "European Youth Chess Championship B14"]
[Site "Prague, Top Hotel Prague"]
[Date "2016.08.20"]
[Round "3.69"]
[White "Matis, Tibor"]
[Black "Apergis, Iosif"]
[Result "1-0"]
[WhiteElo "1709"]
[BlackElo "1203"]
[PlyCount "91"]
[EventDate "2016.08.18"]

1. e4 e5 2. Nf3 Nc6 3. d4 exd4 4. Nxd4 Bc5 5. Be3 Qf6 6. c3 Nge7 7. Bc4 O-O 8.
O-O b6 9. f4 d5 10. exd5 Na5 11. Bd3 Bb7 12. b4 Nxd5 13. Bf2 Nxc3 14. Nxc3 Bxd4
15. Bxd4 Qxd4+ 16. Kh1 Qxc3 17. bxa5 Qxa5 18. Qc2 g6 19. f5 Rad8 20. f6 Qg5 21.
Rf2 Qe3 22. Bf1 Be4 23. Re2 Bxc2 24. Rxe3 Bf5 25. Re7 Rd7 26. Bb5 Rd5 27. a4
Rfd8 28. h3 Rc5 29. Rae1 h5 30. Be8 Be6 31. R1xe6 fxe6 32. Rg7+ Kh8 33. Bxg6
Rcd5 34. Rh7+ Kg8 35. f7+ Kf8 36. Rh8+ Kg7 37. Re8 Kxg6 38. f8=Q Rxe8 39. Qxe8+
Kf6 40. Qf8+ Kg6 41. Qe7 Rd1+ 42. Kh2 Re1 43. Qxc7 e5 44. Qxa7 e4 45. Qxb6+ Kf5
46. Qf2+ 1-0

[Event "European Youth Chess Championship B14"]
[Site "Prague, Top Hotel Prague"]
[Date "2016.08.20"]
[Round "3.70"]
[White "Winkin, Pol"]
[Black "Matus, Filip"]
[Result "0-1"]
[WhiteElo "1391"]
[BlackElo "1700"]
[PlyCount "112"]
[EventDate "2016.08.18"]

1. e4 c6 2. d4 d5 3. exd5 cxd5 4. c3 Bf5 5. Bd3 Bxd3 6. Qxd3 Nf6 7. Nf3 Nc6 8.
Bf4 e6 9. O-O Be7 10. h3 O-O 11. Nbd2 a6 12. Ne5 Nxe5 13. Bxe5 Bd6 14. Bxd6
Qxd6 15. Nf3 Rfc8 16. Rfe1 Nd7 17. Nd2 Rc7 18. Rac1 Rac8 19. a3 Nb6 20. Rc2 Nc4
21. Nxc4 Rxc4 22. Qe2 b5 23. Qe5 Qxe5 24. Rxe5 Rxd4 25. Kf1 Rdc4 26. Rd2 Kf8
27. Ke2 Ke7 28. Rd4 Rxd4 29. cxd4 Rc2+ 30. Kd3 Rxb2 31. Re2 Rxe2 32. Kxe2 Kd6
33. Kd3 e5 34. dxe5+ Kxe5 35. g3 g5 36. f3 a5 37. g4 b4 38. axb4 axb4 39. Ke3
b3 40. Kd2 Kf4 41. Kc3 Ke3 42. Kxb3 d4 43. Kc2 Ke2 44. Kb3 d3 45. Kc3 d2 46.
Kd4 d1=Q+ 47. Ke5 Qd2 48. Kf6 Qf4+ 49. Kg7 Qd6 50. Kxh7 Ke3 51. h4 gxh4 52. g5
Kf4 53. g6 Qxg6+ 54. Kh8 Qg3 55. Kh7 h3 56. Kh6 Qg6# 0-1

[Event "European Youth Chess Championship B14"]
[Site "Prague, Top Hotel Prague"]
[Date "2016.08.21"]
[Round "4.1"]
[White "Esipenko, Andrey"]
[Black "Henderson, De La Fuente Lance"]
[Result "1/2-1/2"]
[WhiteElo "2490"]
[BlackElo "2306"]
[PlyCount "78"]
[EventDate "2016.08.18"]

1. d4 Nf6 2. c4 e6 3. Nf3 b6 4. g3 Bb7 5. Bg2 Be7 6. O-O O-O 7. Nc3 Ne4 8. Bd2
Bf6 9. Ne5 Nxc3 10. Bxc3 Bxg2 11. Kxg2 c5 12. dxc5 bxc5 13. Qd6 Qb6 14. Rfd1
Rd8 15. Qxb6 axb6 16. Rd6 Bxe5 17. Bxe5 Nc6 18. Bc3 Kf8 19. Rad1 Ke7 20. Bxg7
Rxa2 21. R6d3 Na5 22. Be5 Nxc4 23. Bc7 Rc8 24. Rxd7+ Ke8 25. Bd8 Ne5 26. Re7+
Kf8 27. Rc7 Rxc7 28. Bxc7 Nc4 29. Rc1 Ra7 30. Bd8 Ke8 31. Bf6 Na5 32. g4 c4 33.
Ra1 Nc6 34. Rc1 Na5 35. Bd4 Rb7 36. Ra1 Kd7 37. Bxb6 Rxb6 38. Rxa5 Rxb2 39. Rc5
Rxe2 1/2-1/2

[Event "European Youth Chess Championship B14"]
[Site "Prague, Top Hotel Prague"]
[Date "2016.08.21"]
[Round "4.2"]
[White "Baenziger, Fabian"]
[Black "Sargsyan, Shant"]
[Result "0-1"]
[WhiteElo "2325"]
[BlackElo "2441"]
[PlyCount "56"]
[EventDate "2016.08.18"]

1. d4 Nf6 2. c4 e6 3. g3 d5 4. Nf3 Bb4+ 5. Bd2 Bd6 6. Bg2 O-O 7. O-O Nbd7 8.
Qc2 c6 9. Bf4 Bxf4 10. gxf4 b6 11. Ne5 Bb7 12. cxd5 cxd5 13. Nc3 Qe7 14. Rfc1
Rfc8 15. Qd2 Ne8 16. b3 Nd6 17. Na4 Nf5 18. e3 Nh4 19. Nxd7 Qxd7 20. f3 Qe7 21.
Kh1 Ba6 22. Rxc8+ Rxc8 23. Rc1 Rxc1+ 24. Qxc1 g5 25. e4 dxe4 26. fxe4 Qd6 27.
fxg5 Qxd4 28. Qg1 Qd2 0-1

[Event "European Youth Chess Championship B14"]
[Site "Prague, Top Hotel Prague"]
[Date "2016.08.21"]
[Round "4.3"]
[White "Salemgareev, Tagir"]
[Black "Matviishen, Viktor"]
[Result "1-0"]
[WhiteElo "2293"]
[BlackElo "2405"]
[PlyCount "65"]
[EventDate "2016.08.18"]

1. d4 Nf6 2. c4 e6 3. Nf3 b6 4. a3 Bb7 5. Nc3 d5 6. cxd5 exd5 7. g3 Be7 8. Bg2
O-O 9. O-O c5 10. Qa4 Nc6 11. Rd1 Nxd4 12. Nxd4 cxd4 13. Qxd4 Bc5 14. Qd3 Ng4
15. e3 Qg5 16. b4 Bd6 17. Qe2 Rfe8 18. Nxd5 Be5 19. Bb2 Bxb2 20. Qxb2 Rad8 21.
Nf6+ gxf6 22. Rxd8 Rxd8 23. Bxb7 Qh5 24. h4 Ne5 25. Qc2 Kg7 26. Kg2 Rd7 27. Be4
f5 28. Bxf5 Qf3+ 29. Kg1 Rc7 30. Qxc7 Qxf5 31. Qb7 Qg4 32. Kg2 Ng6 33. Rh1 1-0

[Event "European Youth Chess Championship B14"]
[Site "Prague, Top Hotel Prague"]
[Date "2016.08.21"]
[Round "4.4"]
[White "Lomasov, Semen"]
[Black "Zarubitski, Viachaslau"]
[Result "0-1"]
[WhiteElo "2383"]
[BlackElo "2300"]
[PlyCount "124"]
[EventDate "2016.08.18"]

1. e4 c5 2. Nf3 e6 3. b3 Nc6 4. Bb2 d5 5. Bb5 Nf6 6. exd5 exd5 7. Qe2+ Be7 8.
Bxf6 gxf6 9. O-O Be6 10. d4 Qb6 11. Nc3 a6 12. Bxc6+ Qxc6 13. dxc5 Bxc5 14.
Rad1 O-O-O 15. Na4 Ba7 16. c3 Bg4 17. h3 Bh5 18. Qd3 Bg6 19. Qd2 Rhg8 20. Nd4
Qc7 21. Rc1 b5 22. Nb2 Bb8 23. f4 Be4 24. Rf2 Rg3 25. Ne2 Rg6 26. Nd1 Rdg8 27.
Ne3 Ba7 28. Nd4 Rg3 29. Kf1 Kb8 30. a4 bxa4 31. bxa4 Re8 32. Kg1 Qd7 33. Qe2
Bxg2 34. Qb2+ Ka8 35. Nxg2 Qxh3 36. Qa2 Rd8 37. Qd2 Rdg8 38. Rc2 Rd3 39. Qe1
Rc8 40. Kf1 Qh1+ 41. Ke2 Re8+ 42. Kxd3 Rxe1 43. Nxe1 Qxe1 44. Rfe2 Qf1 45. Rb2
Qd1+ 46. Red2 Qxa4 47. Rb4 Qd7 48. Kc2 h5 49. Rg2 Bc5 50. Rb3 h4 51. Rg8+ Ka7
52. Rd8 Qc7 53. Rxd5 h3 54. Nf3 Qc6 55. c4 Bg1 56. Rd2 Qxc4+ 57. Kb2 Bb6 58.
Rd7+ Bc7 59. Rd4 Qe2+ 60. Rd2 Qe8 61. Ka3 Bxf4 62. Rdb2 Bc1 0-1

[Event "European Youth Chess Championship B14"]
[Site "Prague, Top Hotel Prague"]
[Date "2016.08.21"]
[Round "4.5"]
[White "Mnatsakanian, Arsen"]
[Black "Engel, Luis"]
[Result "0-1"]
[WhiteElo "2195"]
[BlackElo "2383"]
[PlyCount "110"]
[EventDate "2016.08.18"]

1. d4 c5 2. d5 d6 3. Nc3 g6 4. e4 Bg7 5. Nf3 a6 6. a4 Nf6 7. h3 O-O 8. Be2 e6
9. O-O exd5 10. exd5 b6 11. Bf4 Bb7 12. Qd2 Re8 13. Rfe1 Qc7 14. Bc4 Nbd7 15.
Rxe8+ Rxe8 16. Re1 Bf8 17. Rxe8 Nxe8 18. Qe2 Qc8 19. Ng5 Ndf6 20. Qd3 Qf5 21.
Qxf5 gxf5 22. Nf3 Nc7 23. Nh4 Ncxd5 24. Nxd5 Nxd5 25. Bxd5 Bxd5 26. Nxf5 Be4
27. Ne3 f6 28. f3 Bc6 29. b3 d5 30. Bc7 b5 31. axb5 axb5 32. Kf2 Kf7 33. g4 Ke6
34. Nf5 Be8 35. Nh4 d4 36. Bb6 b4 37. Bd8 Bc6 38. Nf5 Bb5 39. h4 d3 40. cxd3
Bxd3 41. Ne3 c4 42. bxc4 b3 43. Nd1 Ba3 44. Ke3 Bxc4 45. Nc3 b2 46. Nb1 Bb4 47.
Bb6 Ba2 48. Bd4 Bxb1 49. Bxb2 Bd6 50. Bc3 Bc2 51. Bb2 Bd1 52. Ba1 Be5 53. Bxe5
Kxe5 54. f4+ Kd5 55. g5 f5 0-1

[Event "European Youth Chess Championship B14"]
[Site "Prague, Top Hotel Prague"]
[Date "2016.08.21"]
[Round "4.6"]
[White "Kozak, Adam"]
[Black "Martinovici, Ilie"]
[Result "1-0"]
[WhiteElo "2376"]
[BlackElo "2170"]
[PlyCount "93"]
[EventDate "2016.08.18"]

1. c4 Nf6 2. Nf3 e6 3. Nc3 c5 4. g3 b6 5. Bg2 Bb7 6. O-O Be7 7. d4 cxd4 8. Qxd4
O-O 9. b3 Bc5 10. Qd3 d5 11. cxd5 Nxd5 12. Ng5 g6 13. Nxd5 Bxd5 14. Bxd5 Qxd5
15. Qxd5 exd5 16. Rd1 Rd8 17. Ne4 Be7 18. Bg5 dxe4 19. Bxe7 Re8 20. Bf6 Nc6 21.
Rd6 Ne5 22. Rc1 Rab8 23. Rc7 e3 24. f4 Ng4 25. h3 Nf2 26. Rdd7 Rbc8 27. Re7
Nxh3+ 28. Kg2 Nf2 29. Rxf7 Rxc7 30. Rxc7 h5 31. Rxa7 Ng4 32. Bd4 Rd8 33. Bxb6
Rd1 34. Rc7 Rd2 35. Kf3 Rxa2 36. Bd4 Rd2 37. Bxe3 Nh2+ 38. Kf2 Ng4+ 39. Kf3
Nh2+ 40. Kf2 Ng4+ 41. Ke1 Rb2 42. Rg7+ Kf8 43. Bc5+ Ke8 44. b4 Rb3 45. e3 Nxe3
46. Re7+ Kd8 47. Rxe3 1-0

[Event "European Youth Chess Championship B14"]
[Site "Prague, Top Hotel Prague"]
[Date "2016.08.21"]
[Round "4.7"]
[White "Pribelszky, Bence"]
[Black "Keinanen, Toivo"]
[Result "0-1"]
[WhiteElo "2161"]
[BlackElo "2337"]
[PlyCount "110"]
[EventDate "2016.08.18"]

1. e4 e6 2. d4 d5 3. Nc3 Nf6 4. exd5 Nxd5 5. Nxd5 exd5 6. Bd3 Bd6 7. Qf3 Nc6 8.
c3 Be6 9. Ne2 Qd7 10. Bf4 O-O-O 11. Bxd6 Qxd6 12. O-O-O Ne7 13. Nf4 Bd7 14.
Rhe1 Rde8 15. Re3 c6 16. Rde1 Kd8 17. Kc2 g6 18. g4 h6 19. h3 Nc8 20. Rxe8+
Rxe8 21. Rxe8+ Bxe8 22. Qg3 Qe7 23. Ne2 Nd6 24. Qf4 g5 25. Qe5 f6 26. Qxe7+
Kxe7 27. f4 Ke6 28. f5+ Ke7 29. Ng3 Bf7 30. b3 Ne8 31. Be2 Kd6 32. Kd3 b6 33.
c4 Nc7 34. a4 Be8 35. Kc3 Bf7 36. Bf3 c5 37. Kd3 Na6 38. cxd5 Nb4+ 39. Kd2 cxd4
40. Ne4+ Ke5 41. d6 Be8 42. Nf2 Kxd6 43. Nd3 Nxd3 44. Kxd3 Ke5 45. Bg2 a5 46.
Bf3 Bf7 47. Bd1 Bd5 48. Kd2 Bg2 49. Kd3 Bxh3 50. Be2 Bg2 51. Kc4 Bd5+ 52. Kb5
Bxb3 53. Kxb6 Bxa4 54. Kxa5 Bc2 55. Kb4 d3 0-1

[Event "European Youth Chess Championship B14"]
[Site "Prague, Top Hotel Prague"]
[Date "2016.08.21"]
[Round "4.8"]
[White "Globus, Or"]
[Black "Pultorak, Jan"]
[Result "0-1"]
[WhiteElo "2165"]
[BlackElo "2296"]
[PlyCount "66"]
[EventDate "2016.08.18"]

1. d4 Nf6 2. c4 g6 3. Nc3 d5 4. Nf3 Bg7 5. Bf4 c5 6. cxd5 Nxd5 7. Nxd5 Qxd5 8.
Rc1 O-O 9. Rxc5 Qxa2 10. Qc1 Na6 11. Rc3 Nb4 12. e4 Be6 13. Be2 Qa4 14. Qd2 Nc6
15. Ra3 Qb4 16. d5 Qxe4 17. dxe6 Rad8 18. Qe3 Qb4+ 19. Kf1 fxe6 20. Qxe6+ Kh8
21. g3 Rf6 22. Qb3 Qe4 23. Qe3 Qf5 24. Kg2 Re6 25. Ne5 Nxe5 26. Ra5 Qf6 27. Bg5
Qf7 28. Qb3 Qf5 29. Be3 Qe4+ 30. Kg1 Nf3+ 31. Bxf3 Qxf3 32. Ra1 Red6 33. Rf1
Rd1 0-1

[Event "European Youth Chess Championship B14"]
[Site "Prague, Top Hotel Prague"]
[Date "2016.08.21"]
[Round "4.9"]
[White "Stevanic, David"]
[Black "Gavrilescu, David"]
[Result "1/2-1/2"]
[WhiteElo "2127"]
[BlackElo "2285"]
[PlyCount "76"]
[EventDate "2016.08.18"]

1. e4 c6 2. d4 d5 3. Nc3 dxe4 4. Nxe4 Bf5 5. Ng3 Bg6 6. Bc4 e6 7. N1e2 Nf6 8.
Nf4 Bd6 9. c3 O-O 10. O-O Nd5 11. Nxg6 hxg6 12. Qf3 Qc7 13. Bd2 Nd7 14. Bb3 b5
15. Rfc1 a5 16. c4 bxc4 17. Rxc4 N7b6 18. Rc2 a4 19. Bxd5 exd5 20. Rac1 Nc4 21.
Nf1 Rfe8 22. g3 Qb7 23. Ne3 Nxe3 24. Bxe3 Ra6 25. Bf4 Bf8 26. b3 Ba3 27. Rd1
Qb5 28. Qc3 Re6 29. Kg2 Rb6 30. bxa4 Qxa4 31. Qd3 Re8 32. Rc3 Ra8 33. Rb3 Rba6
34. Rdb1 Bf8 35. Rb8 Rxb8 36. Rxb8 Ra8 37. Qb3 Qxb3 38. Rxb3 f6 1/2-1/2

[Event "European Youth Chess Championship B14"]
[Site "Prague, Top Hotel Prague"]
[Date "2016.08.21"]
[Round "4.10"]
[White "Kaasen, Tor Fredrik"]
[Black "Parkhov, Yair"]
[Result "1/2-1/2"]
[WhiteElo "2229"]
[BlackElo "2102"]
[PlyCount "100"]
[EventDate "2016.08.18"]

1. Nf3 Nf6 2. g3 d5 3. Bg2 Bg4 4. O-O c6 5. d3 Nbd7 6. c4 e6 7. b3 Bd6 8. Bb2
O-O 9. Nbd2 Qe7 10. Qc2 Rfe8 11. Rfe1 a5 12. a3 h6 13. e4 dxe4 14. dxe4 e5 15.
h3 Bxf3 16. Nxf3 Bc5 17. Nh4 Nf8 18. Nf5 Qc7 19. Bc3 g6 20. Nxh6+ Kg7 21. Qc1
Ne6 22. Nf5+ Kg8 23. Ne3 Bd4 24. Bxd4 Nxd4 25. Rb1 b6 26. Nf5 Nd7 27. Nxd4 exd4
28. f4 Nc5 29. Qd2 Qd7 30. e5 d3 31. b4 axb4 32. axb4 Ne6 33. Kh2 Ra3 34. b5
cxb5 35. Rxb5 Qc7 36. Bd5 Nd4 37. Rb2 Qc5 38. Re3 Rd8 39. Rxd3 Nf3+ 40. Rxf3
Rxf3 41. Qc2 Rxd5 42. cxd5 Qxd5 43. Rxb6 Qd4 44. Rb2 Qe3 45. Qg2 Kg7 46. Re2
Qb3 47. Qg1 Qd3 48. Rg2 Rf1 49. Qb6 Qd1 50. Rg1 Qe2+ 1/2-1/2

[Event "European Youth Chess Championship B14"]
[Site "Prague, Top Hotel Prague"]
[Date "2016.08.21"]
[Round "4.11"]
[White "Mis, Mieszko"]
[Black "Nesterov, Arseniy"]
[Result "1-0"]
[WhiteElo "2041"]
[BlackElo "2216"]
[PlyCount "117"]
[EventDate "2016.08.18"]

1. d4 d5 2. c4 c6 3. cxd5 cxd5 4. Nc3 Nf6 5. Bf4 Nc6 6. e3 e6 7. Nf3 Be7 8. h3
O-O 9. Bd3 Ne8 10. O-O f5 11. Ne5 Nxe5 12. Bxe5 Nd6 13. Rc1 Bd7 14. Qb3 Bc6 15.
Na4 Nf7 16. Bh2 Bd6 17. Nc5 Qe7 18. Rc3 Bxh2+ 19. Kxh2 Nd6 20. Qc2 Rac8 21. a4
Ne4 22. Nxe4 fxe4 23. Bb5 Bxb5 24. axb5 Qd7 25. Qb3 Rxc3 26. bxc3 Qc7+ 27. Kg1
Qb6 28. c4 dxc4 29. Qxc4 h6 30. Rc1 Rf5 31. Qc8+ Kh7 32. Rc5 Rf6 33. Rc7 Qxb5
34. Qxb7 Qxb7 35. Rxb7 a5 36. Ra7 Rf5 37. Ra6 Kg8 38. Rxe6 Rd5 39. g4 Kf7 40.
Ra6 h5 41. Kg2 h4 42. f3 exf3+ 43. Kxf3 Rb5 44. Ke4 Rb2 45. Rxa5 Rh2 46. Rf5+
Ke6 47. Rf3 Rh1 48. Kf4 Kd5 49. Kg5 Ke4 50. Rf5 Kxe3 51. Kxh4 g6 52. Rg5 Kf3
53. Rxg6 Kg2 54. d5 Rxh3+ 55. Kg5 Rd3 56. d6 Kg3 57. Kh6 Kf4 58. Kg7 Ke5 59.
Kf7 1-0

[Event "European Youth Chess Championship B14"]
[Site "Prague, Top Hotel Prague"]
[Date "2016.08.21"]
[Round "4.12"]
[White "Sonis, Francesco"]
[Black "Kamer, Kayra"]
[Result "1-0"]
[WhiteElo "2427"]
[BlackElo "2041"]
[PlyCount "83"]
[EventDate "2016.08.18"]

1. Nf3 Nf6 2. g3 g6 3. b3 Bg7 4. Bb2 O-O 5. Bg2 d6 6. d4 c6 7. O-O Nbd7 8. c4
Qc7 9. Nc3 Re8 10. Qc2 e5 11. e4 a5 12. Rad1 exd4 13. Nxd4 Nc5 14. h3 Ne6 15.
Nxe6 Bxe6 16. f4 Rad8 17. Qf2 Bc8 18. Rd2 Nd7 19. Rfd1 Nf8 20. f5 Be5 21. Ne2
g5 22. Bd4 Nd7 23. Qe3 f6 24. g4 Re7 25. Bxe5 dxe5 26. Ng3 Rf8 27. c5 b6 28.
Nh5 b5 29. a3 h6 30. b4 axb4 31. axb4 Kh8 32. Rd6 Ref7 33. h4 Rg8 34. Kf2 Kh7
35. hxg5 Rxg5 36. Rh1 Kg8 37. Bf3 Kf8 38. Bd1 Nb6 39. Nxf6 Nc4 40. Qxg5 hxg5
41. Rh8+ Kg7 42. Rg8+ 1-0

[Event "European Youth Chess Championship B14"]
[Site "Prague, Top Hotel Prague"]
[Date "2016.08.21"]
[Round "4.13"]
[White "Shubin, Kirill"]
[Black "Golikov, Daniil"]
[Result "1-0"]
[WhiteElo "2298"]
[BlackElo "2098"]
[PlyCount "119"]
[EventDate "2016.08.18"]

1. e4 e6 2. d4 d5 3. Nd2 dxe4 4. Nxe4 Nd7 5. Nf3 b6 6. Bb5 Bb7 7. Ne5 c6 8.
Nxc6 Qh4 9. g4 Ngf6 10. Bg5 Qh3 11. Nxf6+ gxf6 12. Bf1 Bb4+ 13. Nxb4 Qf3 14.
Qxf3 Bxf3 15. Rg1 fxg5 16. Bg2 Bxg2 17. Rxg2 Nf6 18. O-O-O a5 19. Nd3 Ke7 20.
f4 Nd5 21. Rf2 Nxf4 22. Nxf4 gxf4 23. Rxf4 h5 24. g5 h4 25. d5 Rh7 26. g6 fxg6
27. Re4 Kf7 28. Rxe6 Rb8 29. Rf1+ Kg7 30. Rg1 Rh6 31. d6 Rd8 32. Re7+ Kf6 33.
Rf1+ Kg5 34. h3 Kh5 35. d7 g5 36. Rd1 Rhh8 37. Rd6 b5 38. Kd2 Rh6 39. Rd5 Rb6
40. Ree5 Kh6 41. Ke3 b4 42. Re8 Rbb8 43. Rxd8 Rxd8 44. Kf3 Kg6 45. c4 bxc3 46.
bxc3 Kf6 47. Kg4 Ke6 48. c4 Kf6 49. c5 Ke6 50. Rd6+ Ke7 51. Kxg5 Rxd7 52. Rxd7+
Kxd7 53. Kxh4 Kc6 54. Kg5 Kxc5 55. h4 Kd4 56. h5 Kc3 57. h6 Kb2 58. h7 a4 59.
h8=Q+ Kxa2 60. Qc3 1-0

[Event "European Youth Chess Championship B14"]
[Site "Prague, Top Hotel Prague"]
[Date "2016.08.21"]
[Round "4.14"]
[White "Guerra Rivera, Salvador"]
[Black "Michaelides, Konstantinos"]
[Result "1-0"]
[WhiteElo "2285"]
[BlackElo "2092"]
[PlyCount "77"]
[EventDate "2016.08.18"]

1. e4 e6 2. d4 d5 3. Nd2 Nf6 4. e5 Nfd7 5. f4 c5 6. c3 Nc6 7. Ndf3 cxd4 8. cxd4
Qb6 9. a3 Be7 10. h4 a5 11. b3 Qc7 12. Bb2 b6 13. Bd3 Ba6 14. Bb1 a4 15. b4 Bc4
16. Nd2 b5 17. Qg4 g6 18. h5 O-O-O 19. Ngf3 Nb6 20. Bc2 Nb8 21. Kf2 Rdf8 22.
hxg6 hxg6 23. Ng5 Bxg5 24. Qxg5 Qd8 25. Nf3 Kc7 26. g4 Kd7 27. Rag1 Rfg8 28.
Qxd8+ Kxd8 29. Rxh8 Rxh8 30. f5 gxf5 31. gxf5 Nc8 32. Rg7 Ke8 33. fxe6 fxe6 34.
Bg6+ Kf8 35. Rf7+ Kg8 36. Ng5 Rh2+ 37. Kg3 Rxb2 38. Nxe6 Rb3+ 39. Kh4 1-0

[Event "European Youth Chess Championship B14"]
[Site "Prague, Top Hotel Prague"]
[Date "2016.08.21"]
[Round "4.15"]
[White "Karayev, Kanan"]
[Black "Pavlov, Danila"]
[Result "1/2-1/2"]
[WhiteElo "2275"]
[BlackElo "2077"]
[PlyCount "72"]
[EventDate "2016.08.18"]

1. e4 e6 2. d4 d5 3. Nd2 c5 4. exd5 Qxd5 5. Ngf3 cxd4 6. Bc4 Qd6 7. O-O Nf6 8.
Nb3 Nc6 9. Nbxd4 Nxd4 10. Nxd4 a6 11. a4 Qc7 12. Qe2 Bc5 13. Nf3 b6 14. Bg5 Bb7
15. Rad1 O-O 16. Bxf6 gxf6 17. Qd2 Rfd8 18. Bd3 e5 19. b4 Bf8 20. Qe3 Bxb4 21.
Bf5 Rxd1 22. Rxd1 Rd8 23. Rb1 Bf8 24. Nh4 Qc5 25. Qg3+ Kh8 26. Qg4 Bc8 27. h3
Rd4 28. Qh5 Bxf5 29. Nxf5 Rf4 30. Ne3 Kg8 31. Rd1 Rd4 32. Nf5 Rf4 33. Ne3 Rd4
34. Nf5 Rf4 35. Ne3 Rd4 36. Nf5 Rf4 1/2-1/2

[Event "European Youth Chess Championship B14"]
[Site "Prague, Top Hotel Prague"]
[Date "2016.08.21"]
[Round "4.16"]
[White "Morgunov, Daniel"]
[Black "Olsen, Filip Boe"]
[Result "1-0"]
[WhiteElo "2098"]
[BlackElo "2260"]
[PlyCount "105"]
[EventDate "2016.08.18"]

1. e4 c6 2. c4 d5 3. exd5 cxd5 4. cxd5 Nf6 5. Nc3 Nxd5 6. Nf3 Nc6 7. Bb5 e6 8.
O-O Be7 9. d4 O-O 10. Re1 Bd7 11. Bd3 Ncb4 12. Be4 Bc6 13. Bb1 Rc8 14. a3 Nxc3
15. bxc3 Nd5 16. Qd3 g6 17. Bh6 Re8 18. Ne5 Bf6 19. Bc2 Nxc3 20. Qxc3 Ba4 21.
Qxc8 Qxc8 22. Bxa4 Re7 23. Rac1 Qd8 24. Rc4 Bg7 25. Rec1 Bxh6 26. Rc8 Bxc1 27.
Rxd8+ Kg7 28. Rd7 Rxd7 29. Bxd7 Bxa3 30. Bc8 Bb2 31. Nf3 b6 32. Kf1 Kf6 33. Ke2
Ke7 34. Ba6 f6 35. Kd3 Ba3 36. Kc4 Kd7 37. Nd2 h5 38. Ne4 Be7 39. Nc3 Bd6 40.
h3 g5 41. d5 f5 42. Nb5 Bb8 43. Nd4 exd5+ 44. Kxd5 f4 45. Bb5+ Kc8 46. Nc6 g4
47. Ba6+ Kc7 48. h4 f3 49. g3 b5 50. Nxb8 Kb6 51. Kd4 Ka5 52. Kc5 b4 53. Bb5
1-0

[Event "European Youth Chess Championship B14"]
[Site "Prague, Top Hotel Prague"]
[Date "2016.08.21"]
[Round "4.17"]
[White "Yeritsyan, Aram"]
[Black "Teclaf, Pawel"]
[Result "0-1"]
[WhiteElo "2091"]
[BlackElo "2247"]
[PlyCount "210"]
[EventDate "2016.08.18"]

1. e4 c5 2. Nf3 d6 3. Bb5+ Nd7 4. d4 cxd4 5. Qxd4 a6 6. Bxd7+ Bxd7 7. c4 Nf6 8.
Bg5 Bg4 9. Nfd2 Qa5 10. Bxf6 gxf6 11. Nc3 Be6 12. O-O Bh6 13. f4 Rc8 14. Rac1
Qc5 15. Qxc5 Rxc5 16. b4 Rc8 17. g3 f5 18. Nd5 fxe4 19. Nxe4 f5 20. Ng5 Bxg5
21. fxg5 Rg8 22. h4 h6 23. gxh6 Rxg3+ 24. Kh2 Rg4 25. Rf4 Rg6 26. Ne3 Rxh6 27.
Rg1 b5 28. cxb5 axb5 29. Rg5 Ra8 30. Nxf5 Rxa2+ 31. Kg3 Ra3+ 32. Kg4 Ra1 33. h5
Rg1+ 34. Kh4 Rh1+ 35. Kg3 Rh7 36. Ng7+ Rxg7 37. Rxg7 Rxh5 38. Re4 Kd7 39. Kf2
Rh2+ 40. Ke3 Rb2 41. Kd3 d5 42. Kc3 Rf2 43. Rh4 Kd6 44. Rhh7 Rf3+ 45. Kd2 Bf5
46. Rxe7 Rd3+ 47. Ke2 Rd4 48. Rhf7 Be6 49. Rg7 Rxb4 50. Rb7 Bf5 51. Rg5 Be4 52.
Ke3 Rb3+ 53. Kd2 Kc5 54. Rc7+ Kd4 55. Rg4 Rb2+ 56. Kc1 Rb1+ 57. Kd2 b4 58. Rg3
b3 59. Rb7 Rb2+ 60. Kd1 Bd3 61. Kc1 Rc2+ 62. Kb1 Re2+ 63. Kc1 Rc2+ 64. Kb1 Bc4
65. Rb4 Rc3 66. Rg4+ Kc5 67. Rb8 Rh3 68. Kb2 Rh2+ 69. Kc1 Ra2 70. Rh4 Ra1+ 71.
Kb2 Ra2+ 72. Kc1 Rg2 73. Rb7 Rc2+ 74. Kb1 Kc6 75. Rb8 Kc7 76. Rb4 Kd6 77. Rb8
Kc5 78. Rb7 Rd2 79. Kc1 Rg2 80. Rb8 Rg7 81. Kb1 Kd6 82. Rb4 Rg2 83. Kc1 Rc2+
84. Kb1 Ke5 85. Rb8 Rg2 86. Kc1 Rc2+ 87. Kb1 Bd3 88. Rxb3 Rh2+ 89. Rxd3 Rxh4
90. Kc2 Ke4 91. Rg3 Kd4 92. Ra3 Rh2+ 93. Kd1 Rb2 94. Kc1 Re2 95. Kd1 Re3 96.
Ra4+ Kd3 97. Ra3+ Ke4 98. Ra7 Rh3 99. Ra4+ d4 100. Ke2 Rh2+ 101. Kd1 Ke3 102.
Ra7 Rh1+ 103. Kc2 d3+ 104. Kb2 d2 105. Re7+ Kf4 0-1

[Event "European Youth Chess Championship B14"]
[Site "Prague, Top Hotel Prague"]
[Date "2016.08.21"]
[Round "4.18"]
[White "Oboladze, Luka"]
[Black "Sahidi, Samir"]
[Result "1/2-1/2"]
[WhiteElo "2076"]
[BlackElo "2225"]
[PlyCount "103"]
[EventDate "2016.08.18"]

1. e4 c5 2. Nc3 e6 3. g3 d5 4. exd5 exd5 5. Bg2 Nf6 6. Nge2 d4 7. Ne4 Nxe4 8.
Bxe4 Bd6 9. d3 O-O 10. O-O Nc6 11. Nf4 g6 12. Re1 Ne5 13. h3 Rb8 14. Bd2 Bd7
15. Qe2 Re8 16. Qf1 Bc6 17. Qg2 Bxe4 18. Rxe4 Bc7 19. Rae1 Qd6 20. Nh5 Re6 21.
Bf4 Qe7 22. Bxe5 Bxe5 23. Nf4 Bxf4 24. Rxe6 fxe6 25. gxf4 Rf8 26. Qe4 Rf6 27.
Qe5 a6 28. Re4 Kf7 29. Qb8 Rf5 30. Qc8 Rd5 31. Qb8 Rd8 32. Qe5 Qd6 33. Qg5 Qe7
34. Qe5 Qd6 35. Qg5 Rf8 36. Re5 b6 37. Qg4 Qe7 38. Qf3 Qd7 39. Qg4 Rc8 40. Qh4
h5 41. Qg5 Rh8 42. b3 Qe7 43. Qg2 Rd8 44. Rg5 Rg8 45. Qc6 Rb8 46. Re5 Kf6 47.
Kg2 Qe8 48. Qd6 Rb7 49. Rg5 Qb8 50. Qc6 Qxf4 51. Rxg6+ Kxg6 52. Qxb7 1/2-1/2

[Event "European Youth Chess Championship B14"]
[Site "Prague, Top Hotel Prague"]
[Date "2016.08.21"]
[Round "4.19"]
[White "Vrolijk, Liam"]
[Black "Dolansky, Lukas"]
[Result "1-0"]
[WhiteElo "2221"]
[BlackElo "2067"]
[PlyCount "59"]
[EventDate "2016.08.18"]

1. d4 d5 2. c4 e6 3. Nc3 Nf6 4. Nf3 Be7 5. Bf4 O-O 6. e3 c6 7. h3 Bd6 8. Bxd6
Qxd6 9. Bd3 Nbd7 10. O-O h6 11. Qc2 dxc4 12. Bxc4 e5 13. Rad1 exd4 14. Nxd4 Qe5
15. e4 Nb6 16. f4 Qe7 17. Be2 Re8 18. Bf3 Qc5 19. Qf2 Be6 20. e5 Nfd5 21. Ne4
Qe7 22. Bh5 Nc4 23. Rde1 Bc8 24. b3 Ncb6 25. Nd6 Rf8 26. Qg3 f5 27. Bg6 Kh8 28.
Bxf5 c5 29. Bxc8 Nxc8 30. Qg6 1-0

[Event "European Youth Chess Championship B14"]
[Site "Prague, Top Hotel Prague"]
[Date "2016.08.21"]
[Round "4.20"]
[White "Petriashvili, Nikoloz"]
[Black "Vodila, Martin Botond"]
[Result "1-0"]
[WhiteElo "2198"]
[BlackElo "2047"]
[PlyCount "65"]
[EventDate "2016.08.18"]

1. c4 g6 2. Nc3 Nf6 3. g3 Bg7 4. Bg2 c5 5. Nf3 Nc6 6. O-O O-O 7. d3 d6 8. a3
Ne8 9. Rb1 Bd7 10. Bd2 Rc8 11. b4 cxb4 12. axb4 Bh3 13. b5 Bxg2 14. Kxg2 Nd4
15. Nd5 Qd7 16. Nxd4 Bxd4 17. Bh6 Bg7 18. Qd2 Nc7 19. e4 Nxd5 20. exd5 Bxh6 21.
Qxh6 Rfe8 22. h4 e6 23. dxe6 Qxe6 24. Qf4 d5 25. Rbe1 Qd7 26. h5 Qf5 27. Qxf5
gxf5 28. cxd5 Red8 29. Re7 Rxd5 30. Rxb7 Rxd3 31. Ra1 Ra8 32. h6 Rd6 33. Raxa7
1-0

[Event "European Youth Chess Championship B14"]
[Site "Prague, Top Hotel Prague"]
[Date "2016.08.21"]
[Round "4.21"]
[White "Suvorov, Alexander"]
[Black "Tryggestad, Andreas Garberg"]
[Result "1-0"]
[WhiteElo "2059"]
[BlackElo "2161"]
[PlyCount "81"]
[EventDate "2016.08.18"]

1. d4 Nf6 2. c4 g6 3. Nc3 d5 4. Bf4 Bg7 5. e3 O-O 6. cxd5 Nxd5 7. Nxd5 Qxd5 8.
Bxc7 Na6 9. Bxa6 Qxg2 10. Qf3 Qxf3 11. Nxf3 bxa6 12. Rc1 Re8 13. Rg1 Bb7 14.
Ke2 Rac8 15. Rc3 Bd5 16. b3 Ra8 17. Rgc1 e6 18. Ne5 Bf8 19. Nd3 h5 20. Nc5 Rac8
21. Nd7 Bg7 22. Be5 Rxc3 23. Rxc3 Bxe5 24. dxe5 Re7 25. Nf6+ Kg7 26. f4 Bb7 27.
Rc5 h4 28. e4 g5 29. fxg5 Kg6 30. Kf3 Kxg5 31. Rc1 Bxe4+ 32. Nxe4+ Kf5 33. Rc5
Rd7 34. Nd6+ Kg5 35. Rc8 Kg6 36. Rg8+ Kh7 37. Rg4 f6 38. Kf4 fxe5+ 39. Kxe5 Rc7
40. Rxh4+ Kg6 41. Re4 1-0